<?xml version="1.0" encoding="UTF-8"?>
<record
    xmlns:xsi="http://www.w3.org/2001/XMLSchema-instance"
    xsi:schemaLocation="http://www.loc.gov/MARC21/slim http://www.loc.gov/standards/marcxml/schema/MARC21slim.xsd"
    xmlns="http://www.loc.gov/MARC21/slim">

  <leader>01636nam a22003017a 4500</leader>
  <controlfield tag="003">OSt</controlfield>
  <controlfield tag="005">20240227073914.0</controlfield>
  <controlfield tag="007">ta</controlfield>
  <controlfield tag="008">210216b2020    dr ac||gr|||| 001 1dspa d</controlfield>
  <datafield tag="020" ind1=" " ind2=" ">
    <subfield code="a">9789945613575</subfield>
  </datafield>
  <datafield tag="040" ind1=" " ind2=" ">
    <subfield code="a">DO-SdBNP</subfield>
    <subfield code="b">spa</subfield>
    <subfield code="c">BNPHU</subfield>
  </datafield>
  <datafield tag="041" ind1=" " ind2=" ">
    <subfield code="h">spa</subfield>
  </datafield>
  <datafield tag="082" ind1=" " ind2="4">
    <subfield code="a">RD863.42</subfield>
    <subfield code="b">H519i</subfield>
    <subfield code="2">22</subfield>
  </datafield>
  <datafield tag="100" ind1="1" ind2=" ">
    <subfield code="a">Henr&#xED;quez Ure&#xF1;a, Max,</subfield>
    <subfield code="d">1885-1968</subfield>
    <subfield code="9">2621</subfield>
  </datafield>
  <datafield tag="245" ind1="1" ind2="3">
    <subfield code="a">La independencia ef&#xED;mera /</subfield>
    <subfield code="c">Max Henr&#xED;quez Ure&#xF1;a.</subfield>
  </datafield>
  <datafield tag="260" ind1=" " ind2=" ">
    <subfield code="a">Santo Domingo : </subfield>
    <subfield code="b">Archivo General de la Naci&#xF3;n,</subfield>
    <subfield code="c">2020.</subfield>
  </datafield>
  <datafield tag="300" ind1=" " ind2=" ">
    <subfield code="a">202 p. ;</subfield>
    <subfield code="c">22 cm.</subfield>
  </datafield>
  <datafield tag="490" ind1=" " ind2=" ">
    <subfield code="a">Juvenil ;</subfield>
    <subfield code="v">20</subfield>
  </datafield>
  <datafield tag="500" ind1=" " ind2=" ">
    <subfield code="a">Incluye datos biogr&#xE1;ficos del autor en la solapa de la contracubierta </subfield>
  </datafield>
  <datafield tag="505" ind1="0" ind2=" ">
    <subfield code="a">Introducci&#xF3;n. Roberto Cass&#xE1; --</subfield>
    <subfield code="t">A la juventud dominicana. Max Henr&#xED;quez Ure&#xF1;a --</subfield>
    <subfield code="t">I. En casa de juez de letras --</subfield>
    <subfield code="t">II. En familia --</subfield>
    <subfield code="t">III. Espa&#xF1;ol de Am&#xE9;rica --</subfield>
    <subfield code="t">IV. &#xA1;Esperar! --</subfield>
    <subfield code="t">V. La tertulia --</subfield>
    <subfield code="t">VI. La jura de la constituci&#xF3;n en 1820 --</subfield>
    <subfield code="t">VII. Don Tom&#xE1;s Ram&#xED;rez --</subfield>
    <subfield code="t">VIII. Alarma fronteriza --</subfield>
    <subfield code="t">IX. El baile de do&#xF1;a Jacinta -- </subfield>
    <subfield code="t">X. Acero contra acero --</subfield>
    <subfield code="t">XI. El nuevo gobernador --</subfield>
    <subfield code="t">XII. &#xA1;Carabobo! -- </subfield>
    <subfield code="t">XIII. El d&#xED;a de San Andr&#xE9;s en 1821 --</subfield>
    <subfield code="t">XIV. La bandera de las cinco estrella --</subfield>
    <subfield code="t">XV. La independencia --</subfield>
    <subfield code="t">XVI. El nuevo d&#xED;a--</subfield>
    <subfield code="t">XVII. La voz de la plaza de armas --</subfield>
    <subfield code="t">XVIII. La cat&#xE1;strofe inminente --</subfield>
    <subfield code="t">XIX. Hora suprema --</subfield>
    <subfield code="t">XX. &#xA1;La patria no puede morir! --</subfield>
    <subfield code="t">Ap&#xE9;ndices.</subfield>
  </datafield>
  <datafield tag="590" ind1=" " ind2=" ">
    <subfield code="a">Inventariado /MF</subfield>
  </datafield>
  <datafield tag="650" ind1=" " ind2="4">
    <subfield code="a">Novela historica dominicana</subfield>
    <subfield code="9">860</subfield>
  </datafield>
  <datafield tag="650" ind1=" " ind2="4">
    <subfield code="a">Literatura dominicana </subfield>
    <subfield code="9">79326</subfield>
  </datafield>
  <datafield tag="651" ind1=" " ind2=" ">
    <subfield code="a">Rep&#xFA;blica Dominicana</subfield>
    <subfield code="x">Historia</subfield>
    <subfield code="9">77783</subfield>
  </datafield>
  <datafield tag="830" ind1=" " ind2="0">
    <subfield code="a">Juvenil</subfield>
    <subfield code="9">77784</subfield>
  </datafield>
  <datafield tag="910" ind1=" " ind2=" ">
    <subfield code="a">Validado. Control de calidad MFF</subfield>
  </datafield>
  <datafield tag="942" ind1=" " ind2=" ">
    <subfield code="2">ddc</subfield>
    <subfield code="c">LBS1</subfield>
  </datafield>
  <datafield tag="952" ind1=" " ind2=" ">
    <subfield code="0">0</subfield>
    <subfield code="1">0</subfield>
    <subfield code="2">ddc</subfield>
    <subfield code="5">1</subfield>
    <subfield code="7">1</subfield>
    <subfield code="8">PD</subfield>
    <subfield code="a">BNPHU</subfield>
    <subfield code="b">PD</subfield>
    <subfield code="c">HD</subfield>
    <subfield code="d">2021-01-06</subfield>
    <subfield code="e">Dep&#xF3;sito legal</subfield>
    <subfield code="l">0</subfield>
    <subfield code="o">BNPHU PD RD863.42 H519i 2020</subfield>
    <subfield code="p">2021-0196</subfield>
    <subfield code="r">2021-02-16</subfield>
    <subfield code="w">2021-02-16</subfield>
    <subfield code="y">LFPD</subfield>
  </datafield>
  <datafield tag="999" ind1=" " ind2=" ">
    <subfield code="c">49379</subfield>
    <subfield code="d">49379</subfield>
  </datafield>
</record>
